000 01067nam a2200289 c 4500
999 _c125030
_d125030
003 BLK
005 20230407142805.0
008 180409b bul|||||r ||||||| ||bul||
010 _aKNG00130699000
040 _aBLK
041 _aBUL
_cBUL
080 _aБългарска литература
_b821.163.2
_x-32
_z821.163.2-32
100 1 _aБарух, Арманд Сабат
_eпърви автор
_9301770
139 _aБарух, Арманд Сабат
_bБ 27
245 1 0 _aФортуна, богиня на слепия случай
_cАрманд Сабат Барух.
245 1 0 _aМалка трилогия
_bНовели
250 _a2 изд.
257 _aBGR
260 _aСофия
_bПрофиздат
_c1978
300 _a199 с.
_c20 см
380 _aX
500 _aВ кн. означено 2. изд. - 6 150 тир.
852 _aЦб 93731
856 4 _qpdf
_i0.00
_ldisable
856 4 _qpdf
_i0.00
_ldisable
942 _cKNG
_n0
_s1
944 _aCR
_c18.05.2012
_l18.05.2012 - от С1,Р / 18.05.2012
_kНаталия_Медовщикова
944 _aED
_c18.05.2012
_l18.05.2012 - от С1,Р / 18.05.2012
999 _d125030